Score 0/15 Timer 02:00
0 Plays Today
Clue 4-letter Word % Correct
Having little moneyPOOR
98.7%
Rain heavilyPOUR
98.4%
3,600 seconds•HOUR•
97.1%
A small shipBOAT
91.7%
31,556,926 seconds•YEAR•
89.5%
604,800 seconds•WEEK•
87.7%
FlimsyWEAK
86.1%
Shoe for the rain?BOOT
85.7%
Clue 4-letter Word % Correct
Use as clothingWEAR
85.1%
Animal on the Berlin flagBEAR
82.9%
Anjou or bosc, e.g.PEAR
82.8%
Rude personBOOR
82%
Jury member?PEER
80.1%
Clean a rug, perhapsBEAT
80%
To look slyly or cautiouslyPEEK
76.9%

Today's Daily Dose

Missing Word
Train Books

Word Ladder
Piano Man

Quick Pick
Google Products

Get the Picture
Moana or Coco

Remove Ads.
Support Sporcle.
Get the best of Sporcle when you Go Orange. This ad-free experience offers more features, more stats, and more fun while also helping to support Sporcle. Thank you for becoming a member.

You're not logged in!

Compare scores with friends on all Sporcle quizzes.
OR
Log In

Show Comments

Extras

Top Quizzes Today


Score Distribution

Your Account Isn't Verified!

In order to create a playlist on Sporcle, you need to verify the email address you used during registration. Go to your Sporcle Settings to finish the process.

Report this User

Report this user for behavior that violates our Community Guidelines.

Details: